Statistiques concernant Grey's Anatomy, Urgences, Dr House ou Nip/Tuck ?

Cliquez ici pour prendre le quiz!

Statistiques générales

  • Ce quiz a été pris 24 fois
  • Le résultat moyen est 51 sur 100

Statistiques - réponses

HintRéponse% Correct
Gregory HouseDr House
100%
Jackson AveryGrey's Anatomy
95%
April KepnerGrey's Anatomy
95%
Meredith GreyGrey's Anatomy
95%
Derek ShepherdGrey's Anatomy
91%
George O'MalleyGrey's Anatomy
91%
Lexie GreyGrey's Anatomy
91%
Andrea « Andrew » DeLucaGrey's Anatomy
91%
Isobel « Izzie » StevensGrey's Anatomy
91%
Miranda BaileyGrey's Anatomy
86%
Callie TorresGrey's Anatomy
86%
Mark SloanGrey's Anatomy
86%
Alex KarevGrey's Anatomy
86%
Cristina YangGrey's Anatomy
86%
Owen HuntGrey's Anatomy
82%
Richard WebberGrey's Anatomy
82%
Arizona RobbinsGrey's Anatomy
82%
Josephine « Jo » WilsonGrey's Anatomy
82%
Teddy AltmanGrey's Anatomy
77%
Amelia ShepherdGrey's Anatomy
77%
Matt McNamaraNip/Tuck
77%
Allison CameronDr House
73%
Nathan RiggsGrey's Anatomy
73%
Addison MontgomeryGrey's Anatomy
73%
Lisa CuddyDr House
68%
James WilsonDr House
68%
Preston BurkeGrey's Anatomy
68%
Margaret « Maggie » PierceGrey's Anatomy
68%
Robert ChaseDr House
64%
Mark GreeneUrgences (ER)
64%
Stephanie EdwardsGrey's Anatomy
59%
Levi « Glasses » SchmittGrey's Anatomy
59%
Tom KoracickGrey's Anatomy
59%
Atticus « Link » LincolnGrey's Anatomy
59%
Christian TroyNip/Tuck
59%
John CarterUrgences (ER)
59%
Eric ForemanDr House
55%
Sean McNamaraNip/Tuck
55%
Peter BentonUrgences (ER)
55%
Anna Del AmicoUrgences (ER)
55%
Remy Hadley alias « Numéro Treize »Dr House
50%
Erica HahnGrey's Anatomy
50%
Kit McGrawNip/Tuck
50%
Escobar GallardoNip/Tuck
50%
Julia McNamara (puis Julia Noughton)Nip/Tuck
50%
Kerry WeaverUrgences (ER)
50%
Lawrence KutnerDr House
45%
Chris TaubDr House
45%
Grace SantiagoNip/Tuck
45%
Michael GallantUrgences (ER)
45%
Carol HathawayUrgences (ER)
45%
Elizabeth CordayUrgences (ER)
45%
Jing-Meï Chen (Deb Chen)Urgences (ER)
45%
Stacy WarnerDr House
41%
Liz CruzNip/Tuck
41%
Shirley Adams (Haleh Adams vo)Urgences (ER)
41%
Neela RasgotraUrgences (ER)
41%
Robert RomanoUrgences (ER)
41%
Jerry MarkovicUrgences (ER)
41%
Lucy KnightUrgences (ER)
41%
Chuny MarquezUrgences (ER)
41%
Amber VolakisDr House
36%
Jessica AdamsDr House
36%
Martha M. MastersDr House
36%
Winston NduguGrey's Anatomy
36%
Gina RussoNip/Tuck
36%
Kimber Henry (puis 3 autres noms)Nip/Tuck
36%
Samantha TaggartUrgences (ER)
36%
Abigail Lockhart (née Wyczenski)Urgences (ER)
36%
Susan LewisUrgences (ER)
36%
Douglas RossUrgences (ER)
36%
Ray BarnettUrgences (ER)
36%
David MorgensternUrgences (ER)
36%
Luka KovacUrgences (ER)
36%
Jeanie BouletUrgences (ER)
36%
Chi ParkDr House
32%
Nick MarshGrey's Anatomy
32%
Cormac HayesGrey's Anatomy
32%
Quentin CostaNip/Tuck
32%
Gregory PrattUrgences (ER)
32%
Cleo FinchUrgences (ER)
32%
David MalucciUrgences (ER)
32%
Lucas AdamsGrey's Anatomy
27%
Megan O'HaraNip/Tuck
27%
Mike HamouiNip/Tuck
27%
Chuck MartinUrgences (ER)
27%
Malik MacGrathUrgences (ER)
27%
Jack KaysonUrgences (ER)
27%
Simone GriffithGrey's Anatomy
23%
Ava MooreNip/Tuck
23%
Archibald MorrisUrgences (ER)
23%
Tony GatesUrgences (ER)
23%
Lydia WrightUrgences (ER)
23%
Benson « Blue » KwanGrey's Anatomy
18%
Angela HicksUrgences (ER)
18%
Jane FiglerUrgences (ER)
18%
Mika YasudaGrey's Anatomy
14%
Jules MillinGrey's Anatomy
14%
Abby KeatonUrgences (ER)
14%
Victor ClementeUrgences (ER)
14%

Distribution des résultats

Percentile par nombre de réponses

% des personnes avec chaque résultat

Votre développement - résultats

Vous n’avez pas pris ce quiz